[Event "GER-chT U16"]
[Site "Willingen"]
[Date "2021.06.25"]
[Round "4.9"]
[White "Wang, Xinyuan1111"]
[Black "Payes Kanders, Valentin"]
[Result "1/2-1/2"]
[WhiteElo "1759"]
[BlackElo "1498"]
[PlyCount "58"]
[EventDate "2021.06.23"]
[EventType "team-swiss"]
[EventRounds "7"]
[EventCountry "GER"]
[SourceTitle "CBM 203 Extra"]
[Source "ChessBase"]
[SourceDate "2021.09.30"]
[SourceVersion "1"]
[SourceVersionDate "2021.09.30"]
[SourceQuality "1"]
[WhiteTeam "Karlsruhe SF"]
[BlackTeam "Essen Katernberg"]
[WhiteTeamCountry "GER"]
[BlackTeamCountry "GER"]

1. d4 Nf6 2. c4 e6 3. Nc3 Bb4 4. Qc2 d5 5. e3 0-0 6. Nf3 b6 7. a3 Bxc3+ 8. Qxc3 Nbd7 9. cxd5 exd5 10. Bd3 c5 11. 0-0 Qe7 12. Re1 Bb7 13. b4 Ne4 14. Bxe4 dxe4 15. Nd2 Rac8 16. bxc5 bxc5 17. Rb1 Ba8 18. Bb2 Qg5 19. Qa5 Qg4 20. Nf1 Bd5 21. h3 Qe6 22. Red1 Bc4 23. Rbc1 Bd3 24. dxc5 Qb3 25. Qc3 Qxc3 26. Bxc3 Nxc5 27. Bb4 Nb3 28. Rxc8 Rxc8 29. Nd2 Nxd2 1/2-1/2

[Event "Dortmund Sparkassen op-B 47th"]
[Site "Dortmund"]
[Date "2019.07.20"]
[Round "8"]
[White "Payes Kanders, Valentin"]
[Black "Bungarten, Jona"]
[Result "0-1"]
[WhiteElo "1529"]
[BlackElo "1818"]
[PlyCount "80"]
[EventDate "2019.07.13"]
[EventType "swiss"]
[EventRounds "9"]
[EventCountry "GER"]
[SourceTitle "CBM 192 Extra"]
[Source "Chessbase"]
[SourceDate "2019.11.06"]
[SourceVersion "1"]
[SourceVersionDate "2019.11.06"]
[SourceQuality "1"]

1. e4 e5 2. Nf3 Nc6 3. Bc4 Nf6 4. d4 exd4 5. 0-0 Bc5 6. e5 d5 7. exf6 dxc4 8. fxg7 Rg8 9. Re1+ Be6 10. Ng5 Qe7 11. Nxe6 fxe6 12. Qh5+ Kd7 13. Bh6 Rae8 14. Nd2 Bb4 15. Rad1 Bxd2 16. Rxd2 Kc8 17. Rde2 e5 18. Qf5+ Kb8 19. Qxh7 Qh4 20. Re4 Qh5 21. f3 Qf7 22. Rg4 a6 23. Rg5 Qe7 24. Rf5 Qc5 25. Kh1 Qd5 26. Rf8 Qe6 27. f4 Ka7 28. f5 Qd5 29. f6 Rexf8 30. f7 Qxf7 31. gxf8Q Rxf8 32. Qxf7 Rxf7 33. Kg1 d3 34. cxd3 cxd3 35. g4 Nd4 36. Kg2 Nf3 37. Rf1 e4 38. g5 d2 39. Rd1 e3 40. Kf1 Nd4+ 0-1

[Event "Dortmund Sparkassen op-B 47th"]
[Site "Dortmund"]
[Date "2019.07.15"]
[Round "3"]
[White "Gaul, Alexander"]
[Black "Payes Kanders, Valentin"]
[Result "0-1"]
[WhiteElo "1886"]
[BlackElo "1529"]
[PlyCount "168"]
[EventDate "2019.07.13"]
[EventType "swiss"]
[EventRounds "9"]
[EventCountry "GER"]
[SourceTitle "CBM 192 Extra"]
[Source "Chessbase"]
[SourceDate "2019.11.06"]
[SourceVersion "1"]
[SourceVersionDate "2019.11.06"]
[SourceQuality "1"]

1. d4 Nf6 2. c4 e6 3. Nf3 d5 4. Nc3 c5 5. Bg5 cxd4 6. Bxf6 Qxf6 7. Qxd4 Qxd4 8. Nxd4 dxc4 9. Ndb5 Na6 10. e3 Bd7 11. Bxc4 Rc8 12. Be2 Bb4 13. 0-0 Rc5 14. Nd6+ Ke7 15. Nxb7 Rc6 16. a3 Bxc3 17. bxc3 Nc7 18. c4 Rb8 19. Rab1 Rb6 20. Bf3 Bc8 21. c5 R6xb7 22. Bxb7 Rxb7 23. Rxb7 Bxb7 24. Rb1 Bc6 25. Rb8 Na6 26. Rh8 h6 27. Rh7 Kf6 28. Rh8 Bb7 29. f3 Nxc5 30. Kf2 Nd7 31. Rd8 Bc6 32. Rc8 Bb5 33. Rc7 a6 34. Ra7 Nb6 35. h4 h5 36. e4 Kg6 37. g4 hxg4 38. fxg4 f6 39. Kf3 e5 40. h5+ Kh6 41. a4 Nxa4 42. Ra8 Kh7 43. g5 fxg5 44. Kg4 Nc3 45. Kxg5 Nxe4+ 46. Kf5 Ng3+ 47. Kxe5 Nxh5 48. Kf5 Nf6 49. Kg5 Ne4+ 50. Kf4 Kg6 51. Rb8 Nf6 52. Ra8 Nd7 53. Ra7 Kf6 54. Kg4 g5 55. Ra8 Ne5+ 56. Kg3 g4 57. Rf8+ Ke6 58. Ra8 Kf5 59. Rf8+ Ke4 60. Ra8 Bc4 61. Ra7 Kf5 62. Ra8 Nd7 63. Ra7 Bb5 64. Ra8 Nf6 65. Rf8 Kg5 66. Rf7 Ne4+ 67. Kg2 g3 68. Rg7+ Kf6 69. Rg4 Ke5 70. Rg7 Kd4 71. Ra7 Ke3 72. Re7 Bc4 73. Re5 Kf4 74. Re8 Nd2 75. Rf8+ Kg4 76. Rd8 Nf3 77. Rc8 Bb5 78. Rg8+ Ng5 79. Rg7 Bc6+ 80. Kg1 g2 81. Rg8 Kf5 82. Rf8+ Kg6 83. Kh2 a5 84. Rf4 g1Q+ 0-1